000 00218nam a22000857a 4500
008 160713b xxu||||| |||| 00| 0 eng d
100 _92761
_aAllan C
245 _aLittle Archie
260 _aNew Delhi
_bEisman Publication
_c1989
999 _c2395
_d2395